00974nam a2200241Ia 450000100060000000300090000600800410001504000130005604000130006904100130008210000220009510000290011724500550014624500550020125000110025626000100026726000160027726000490029330000430034250002920038565000240067765000310070137950IT-RoPAU130308s9999 xx 000 0 und d aIT-RoPAU cIT-RoPAU aFRANCESE aPadioleau Jean-G. gCodice Aut. SPICS: 2985 aOrdre social (L')-Principes d'analyse sociologique bOrdre Social (L')-Principes D'Analyse Sociologique a1a ed. aPARIS bL'Harmattan c1986 [1° Ed.:1986 - Ed.Ling.Originale:1986] a"224 p. (prefazione: no ; testo: 224)" aOrdine Sociale Principio di Ordine Sociale l'altro e me Azione Sociale Organizzazione della Diversità Interazione Sociale interdipendenza Collettivaprocessi Fondamentali dell'ordine Sociale cambio Potere consenso e conflitto cambio Sociale relazioni di Potere conflitti e lotta Sociale aSAGGI DI SOCIOLOGIA eCodice materia Spics: 3657